Strongest Countries by Power Index - Statistics

General Stats
  • This quiz has been taken 58 times
  • The average score is 9 of 10
Answer Stats
Power Index Country % Correct
0.0722 China
100%
0.1025 India
100%
0.0714 Russia
100%
0.0712 United States
100%
0.1848 France
96%
0.1711 Japan
96%
0.1435 United Kingdom
96%
0.1505 South Korea
86%
0.1694 Pakistan
82%
0.1973 Italy
78%
No matching quizzes found
Score Distribution
Percent of People with Each Score
Percentile by Number Answered
Your Score History
You have not taken this quiz